Statistiques concernant Top 15 des pays avec les décès de Covid-19 - 10 mai 2021

Cliquez ici pour prendre le quiz!

Statistiques générales

  • Ce quiz a été pris 17 fois
  • Le résultat moyen est 14 sur 24

Statistiques - réponses

pays% Correct
Espagne
100%
Etats-Unis
100%
France
100%
Brésil
93%
Argentine
87%
Inde
87%
Italie
87%
Mexique
80%
Royaume-Uni
80%
Russie
80%
Allemagne
73%
Colombie
60%
Belgique
53%
Pologne
47%
Iran
33%
Pérou
33%
Hongrie
27%
Slovaquie
27%
Slovénie
27%
Tchèquie
27%
Bosnie-Herzégovine
13%
Bulgarie
13%
Croatie
13%
Macédoine du Nord
13%

Distribution des résultats

Percentile par nombre de réponses

% des personnes avec chaque résultat

Votre développement - résultats

Vous n’avez pas pris ce quiz